| 000 | 01223cab a2200313 4500 | ||
|---|---|---|---|
| 001 | ABS49259 | ||
| 008 | 090401t1993 xxu||||| |||| 00| 0 eng d | ||
| 035 | _a(Sirsi) u70573 | ||
| 041 | _aeng | ||
| 100 | _aReynolds, K. | ||
| 245 | _aArbitration | ||
| 260 | _c1993 | ||
| 350 | _a0 | ||
| 490 |
_aEstates Gazette _v(9336) 11 September 1993, 118-122; (9337) 18 Septe |
||
| 520 | _aExamines the procedural rules on admissibility of evidence in rent review arbitrations, in order to assess their value in establishing the truth in any given situation. Stresses the role of the arbitrator in distinguishing between admissible and inadmissible evidence put forward by expert witnesses (Abridged version of one of 1993 Blundell Memorial Lectures) | ||
| 650 | _aADMISSIBLE EVIDENCE | ||
| 650 | _aCIVIL EVIDENCE ACT 1968 | ||
| 650 | _aCONFIDENTIALITY CLAUSES | ||
| 650 | _aDISCOVERY | ||
| 650 | _aEVIDENCE | ||
| 650 | _aEXPERT WITNESSES | ||
| 650 | _aHEARSAY RULES | ||
| 650 | _aINADMISSIBLE EVIDENCE | ||
| 650 | _aRENT REVIEWS | ||
| 690 | _aMANAGEMENT-DISPUTE AVOIDANCE, MANAGEMENT AND RESOLUTION-DISPUTE MANAGEMENT AND RESOLUTION-ARBITRATION | ||
| 700 | _aJones, P. | ||
| 942 | _n0 | ||
| 948 | _c04/03/1997 | ||
| 999 |
_c44401 _d44401 |
||